Možnosti redukcie mykotickej kontaminácie osiva obilnín nízkoteplotnou plazmou diplomová práca CD

Saved in:
Bibliographic Details
Main Author: Ciprušová, Mária
Format: Software Book
Language:Slovak
Published: Bratislava STU FCHPT 2013
Online Access:View in OPAC
Tags: Add Tag
No Tags, Be the first to tag this record!

MARC

LEADER 00000nam a2200000 a 4500
005 20260127134257.0
007 co ugu uaaua
008 130715 2013 000 0 slo d
035 |a vtls010527560 
039 9 |y 201307151326  |z mschk03 
040 |a STUSCHK1  |b slo  |c STUSCHK1  |e AACR2 
100 1 |a Ciprušová, Mária 
245 1 |a Možnosti redukcie mykotickej kontaminácie osiva obilnín nízkoteplotnou plazmou  |b diplomová práca CD  |c Mária Ciprušová 
260 |a Bratislava  |b STU FCHPT  |c 2013 
300 |a 1 elektronický disk 
500 |a Obhájené: 12.06.2013 
500 |a Štud. odbor: biotechnológie 
500 |a Škol. pracovisko: Oddelenie biochémie a mikrobiológie 
500 |a Evid. číslo: FCHPT-5421-58241 
910 |a SCHK95 
999 |c 8577  |d 8577